Paroles : Le chant des sirènes - Fréro Delavega - Statistiques

Statistiques générales
  • Ce quiz a été pris 241 fois
    211 depuis la dernière actualisation
  • Le résultat moyen est 172 sur 218
Statistiques - réponses
Paroles % Correct
de
99%
des
99%
en
97%
Le
97%
le
97%
me
97%
chant
96%
sirènes
96%
la
95%
Et
94%
hiver
94%
les
94%
Les
94%
replonge
94%
à
93%
larmes
91%
Oh
91%
Oh-oh
91%
viennent
90%
mélancolie
89%
Quand
89%
solitaire
89%
souvenirs
89%
cruelle
88%
s'en
87%
Je
86%
je
86%
Au
84%
mêlent
84%
ce
82%
harmonie
82%
fluette
81%
ces
79%
euphorie
79%
m'abandonne
79%
ne
79%
plages
79%
sable
79%
saisons
78%
du
77%
Enfants
77%
gré
77%
mes
77%
châteaux
75%
gamins
75%
décisions
74%
photomatons
74%
vent
74%
doigts
73%
d'autrefois
72%
Dune
72%
Pyla / Pilat
72%
lueurs
71%
parcs
71%
sur
70%
temps
69%
façonnés
67%
hélas
65%
menace
65%
personne
65%
n'épargne
63%
années
56%
passent
56%
s'évade
54%
l'écho
51%
là-bas
48%
que
48%
Combien
45%
combien
45%
laissé
45%
Avons-nous
43%
dans
42%
noie
40%
m'y
39%
avant
38%
masques
38%
large
35%
prendre
35%
vacarme
35%
ta-dada-da
33%
Ta-dada-dan
33%
tadalala
33%
Tadalalala
33%
tadalalala
33%
traces
32%
armes
29%
frasques
29%
Poser
27%
calme
26%
Trouver
25%
farces
22%
Aucun quiz correspondant
Distribution des résultats
% des personnes avec chaque résultat
Percentile par nombre de réponses
Votre historique - résultats
Vous n’avez pas pris ce quiz depuis la dernière actualisation